[Event "4NCL Division 2d"]
[Site "Hinckley Island ENG"]
[Date "2014.03.23"]
[Round "8.81"]
[White "Coleman, David J"]
[Black "Sathyanandha, Saravanan"]
[Result "1/2-1/2"]
[WhiteElo "2243"]
[BlackElo "2184"]
[PlyCount "111"]
[EventDate "2014.03.23"]
[WhiteTeam "Barbican 4NCL Youth"]
[BlackTeam "KJCA Kings"]

1. e4 e6 2. d4 d5 3. Nc3 Nf6 4. Bg5 Be7 5. e5 Nfd7 6. Bxe7 Qxe7 7. f4 a6 8. Nf3
c5 9. dxc5 Nc6 10. Qd2 Nxc5 11. Bd3 b5 12. O-O h6 13. Rae1 O-O 14. Rf2 f5 15.
exf6 Qxf6 16. Ne5 Bb7 17. g3 Rad8 18. Nxc6 Bxc6 19. a3 a5 20. Nd1 a4 21. Rfe2
Ne4 22. Bxe4 dxe4 23. Qc3 Rxd1 24. Rxd1 Qxc3 25. bxc3 Bd5 26. Rd4 Rc8 27. Re3
Kf7 28. Kf2 Kf6 29. Ke2 Kf5 30. Kd2 g5 31. fxg5 hxg5 32. Ke1 Ke5 33. Rd2 Rh8
34. Rf2 Rh7 35. Kf1 Rh8 36. Kg2 Rc8 37. h3 Rc7 38. g4 Rc8 39. Kg3 Rc7 40. Rh2
Rc8 41. Rf2 Rh8 42. Rf7 Rc8 43. Rf2 Rh8 44. Rf1 Rc8 45. Rb1 Bc4 46. Rbe1 Bd5
47. R1e2 Rg8 48. Kf2 Kf4 49. Re1 Rd8 50. Kg1 Rc8 51. R1e2 Rc7 52. Kh2 Rc8 53.
Rg3 Rh8 54. Rf2+ Ke5 55. Re3 Rc8 56. Kg3 1/2-1/2

[Event "4NCL Division 2d"]
[Site "Hinckley Island ENG"]
[Date "2014.03.23"]
[Round "8.82"]
[White "Jones, Victor GL"]
[Black "Rogers, Jonathan W"]
[Result "0-1"]
[WhiteElo "2235"]
[BlackElo "2301"]
[PlyCount "76"]
[EventDate "2014.03.23"]
[WhiteTeam "KJCA Kings"]
[BlackTeam "Barbican 4NCL Youth"]

1. e4 d5 2. exd5 Qxd5 3. Nc3 Qe5+ 4. Be2 c6 5. d4 Qc7 6. Nf3 Nf6 7. Ne5 e6 8.
O-O Nbd7 9. f4 a6 10. Bf3 Bd6 11. Be3 Nb6 12. Qe2 Nbd5 13. Ne4 Nxe4 14. Bxe4
Nxe3 15. Qxe3 O-O 16. Qd3 g6 17. Rae1 c5 18. d5 Rd8 19. Ng4 Bf8 20. Nf6+ Kh8
21. Qh3 h6 22. Qh4 c4 23. dxe6 Bxe6 24. Bxg6 Qb6+ 25. Kh1 fxg6 26. Rf3 Bg7 27.
Rfe3 Bf5 28. Ne8 Rxe8 29. Rxe8+ Rxe8 30. Rxe8+ Kh7 31. Re7 Qxb2 32. h3 Qd4 33.
Rxb7 Bxc2 34. Qe7 Bf5 35. Qe8 h5 36. Rb8 Qxf4 37. Qg8+ Kh6 38. Re8 Be4 0-1

[Event "4NCL Division 2d"]
[Site "Hinckley Island ENG"]
[Date "2014.03.23"]
[Round "8.83"]
[White "Berry, Neil"]
[Black "Jones, William EG"]
[Result "1/2-1/2"]
[WhiteElo "2194"]
[BlackElo "2127"]
[PlyCount "75"]
[EventDate "2014.03.23"]
[WhiteTeam "Barbican 4NCL Youth"]
[BlackTeam "KJCA Kings"]

1. d4 Nf6 2. c4 g6 3. Nc3 Bg7 4. e4 d6 5. Nf3 O-O 6. Be2 e5 7. Be3 Nbd7 8. d5
Ng4 9. Bd2 a5 10. h3 Ngf6 11. Bg5 Nc5 12. Nd2 Qe8 13. g4 Nfd7 14. h4 Nb6 15.
Nb3 Nba4 16. Nb5 Qd7 17. Qc2 c6 18. Nxc5 Nxc5 19. Nc3 Qc7 20. h5 h6 21. Be3 g5
22. O-O cxd5 23. Nxd5 Qd8 24. Bxc5 dxc5 25. Rfd1 Ra6 26. Rd2 Rd6 27. Rad1 Kh8
28. Qb3 b6 29. Kg2 Be6 30. a4 Qb8 31. Qf3 Bxd5 32. Rxd5 Rf6 33. Qd3 Re8 34. Rd8
Rxd8 35. Qxd8+ Qxd8 36. Rxd8+ Kh7 37. f3 Re6 38. Kf2 1/2-1/2

[Event "4NCL Division 2d"]
[Site "Hinckley Island ENG"]
[Date "2014.03.23"]
[Round "8.84"]
[White "Foord, Dominic"]
[Black "Poobalasingam, Peter S"]
[Result "1/2-1/2"]
[WhiteElo "2085"]
[BlackElo "2238"]
[PlyCount "98"]
[EventDate "2014.03.23"]
[WhiteTeam "KJCA Kings"]
[BlackTeam "Barbican 4NCL Youth"]

1. d4 Nf6 2. c4 g6 3. Nc3 d5 4. cxd5 Nxd5 5. e4 Nxc3 6. bxc3 Bg7 7. Nf3 c5 8.
Rb1 O-O 9. Be2 Nc6 10. d5 Ne5 11. Nxe5 Bxe5 12. Rb3 e6 13. f4 Bc7 14. c4 e5 15.
O-O f6 16. Bg4 b6 17. Bxc8 Rxc8 18. f5 g5 19. h4 gxh4 20. Bh6 Rf7 21. Qh5 Bd6
22. Qxh4 Bf8 23. Bd2 Qd7 24. Rg3+ Kh8 25. Qh5 Rc7 26. Qd1 b5 27. cxb5 Qxb5 28.
Rb3 Qe8 29. Qb1 Rc8 30. Rc1 c4 31. Rb7 Bc5+ 32. Kf1 Bb6 33. Rxf7 Qxf7 34. Rc3
Qh5 35. Rh3 Qg4 36. Qc2 Bd4 37. d6 Qg8 38. Ba5 Qf7 39. Bc7 Rg8 40. Rf3 Qh5 41.
Rh3 Qf7 42. Rf3 Rg7 43. Bd8 Rg8 44. Be7 Rb8 45. Rg3 c3 46. Rxc3 Bxc3 47. Qxc3
Rb1+ 48. Ke2 Qxa2+ 49. Kd3 Rb3 1/2-1/2

[Event "4NCL Division 2d"]
[Site "Hinckley Island ENG"]
[Date "2014.03.23"]
[Round "8.85"]
[White "Manley, Jon P"]
[Black "Lunn, Matthew"]
[Result "1/2-1/2"]
[WhiteElo "2161"]
[BlackElo "2039"]
[PlyCount "74"]
[EventDate "2014.03.23"]
[WhiteTeam "Barbican 4NCL Youth"]
[BlackTeam "KJCA Kings"]

1. e4 c5 2. Nc3 Nc6 3. Bb5 Nd4 4. Bc4 e6 5. Nge2 Ne7 6. O-O Nec6 7. d3 Be7 8.
a3 O-O 9. Nxd4 cxd4 10. Ne2 a6 11. Ba2 b5 12. f4 f5 13. exf5 Rxf5 14. Ng3 Rf8
15. Qe2 g6 16. f5 gxf5 17. Bh6 Kh8 18. Bxf8 Qxf8 19. Qh5 Bb7 20. Nxf5 exf5 21.
Rxf5 Qg7 22. Rf7 Qg6 23. Qxg6 hxg6 24. Bd5 Bg5 25. Rxd7 Rd8 26. Rxb7 Rxd5 27.
Rf1 Kg8 28. b4 Be3+ 29. Kh1 Ne5 30. Rf6 Rd8 31. Rxa6 Rf8 32. g3 g5 33. g4 Rf1+
34. Kg2 Rf2+ 35. Kg3 Rf3+ 36. Kg2 Rf2+ 37. Kg3 Rf3+ 1/2-1/2

[Event "4NCL Division 2d"]
[Site "Hinckley Island ENG"]
[Date "2014.03.23"]
[Round "8.86"]
[White "Maguire, Robert"]
[Black "Stewart, Ashley"]
[Result "1-0"]
[WhiteElo "1977"]
[BlackElo "2077"]
[PlyCount "201"]
[EventDate "2014.03.23"]
[WhiteTeam "KJCA Kings"]
[BlackTeam "Barbican 4NCL Youth"]

1. e4 c5 2. Nf3 g6 3. d4 cxd4 4. Qxd4 Nf6 5. e5 Nc6 6. Qa4 Nd5 7. Qe4 Nc7 8.
Bd3 Bg7 9. Bd2 Ne6 10. Bc3 b6 11. h4 h5 12. Bc4 Qc7 13. Nbd2 Bb7 14. Qe3 Bh6
15. Ng5 O-O-O 16. f4 Rdf8 17. Rf1 Ncd8 18. Rf2 Qc5 19. Qxc5+ Nxc5 20. e6 f6 21.
exd7+ Kxd7 22. Rd1 Kc7 23. b4 Nd7 24. Ne6+ Nxe6 25. Bxe6 Rd8 26. Nb3 Nb8 27.
Nd4 Nc6 28. Nb5+ Kb8 29. Bf7 Rxd1+ 30. Kxd1 a6 31. Na3 Rd8+ 32. Ke1 b5 33. Bxg6
a5 34. Nxb5 axb4 35. Bd2 Rd5 36. c4 bxc3 37. Nxc3 Rc5 38. f5 Bxd2+ 39. Kxd2 Rc4
40. g3 Rd4+ 41. Kc2 Rg4 42. Ne2 Nb4+ 43. Kd2 Rc4 44. a3 Nc2 45. Bxh5 Nxa3 46.
Nc3 Ba6 47. Be2 Rd4+ 48. Kc1 Bxe2 49. Nxe2 Rd8 50. Rf4 Kc7 51. Re4 Re8 52. Nc3
Kc6 53. Ra4 Rg8 54. g4 Kc5 55. Rxa3 Rxg4 56. Ra4 Rg1+ 57. Kd2 Rg2+ 58. Ne2 Rh2
59. Ke3 Rh3+ 60. Kf2 Kd6 61. Ng3 Rh2+ 62. Kf3 Kd7 63. Kg4 Ke8 64. Re4 Rc2 65.
h5 Kf7 66. Ne2 Rc8 67. Nf4 Rc1 68. Re3 Rg1+ 69. Rg3 Rh1 70. Ng6 e6 71. fxe6+
Kxe6 72. Nf4+ Kf7 73. Kf5 Re1 74. Nd3 Rf1+ 75. Kg4 Rh1 76. Rh3 Rg1+ 77. Kh4 Rg2
78. Nf4 Rg1 79. Rg3 Rh1+ 80. Kg4 Rc1 81. Rd3 Rg1+ 82. Kh3 Rh1+ 83. Kg2 Rh4 84.
Kg3 Rh1 85. Rd7+ Kg8 86. Kg4 Rg1+ 87. Kf5 Rf1 88. Kg6 Rg1+ 89. Kxf6 Rf1 90. Kg5
Rg1+ 91. Kh6 Kf8 92. Ng6+ Ke8 93. Re7+ Kd8 94. Re4 Rh1 95. Re5 Kd7 96. Kg7 Kd6
97. h6 Rc1 98. h7 Rc7+ 99. Re7 Rc8 100. h8=Q Rxh8 101. Kxh8 1-0

[Event "4NCL Division 2d"]
[Site "Hinckley Island ENG"]
[Date "2014.03.23"]
[Round "8.87"]
[White "Farrand, Julian T"]
[Black "Ganesan, Arasu"]
[Result "1/2-1/2"]
[WhiteElo "2027"]
[BlackElo "2075"]
[PlyCount "120"]
[EventDate "2014.03.23"]
[WhiteTeam "Barbican 4NCL Youth"]
[BlackTeam "KJCA Kings"]

1. d4 c6 2. e4 d5 3. Nc3 g6 4. h3 Bg7 5. Nf3 Nf6 6. e5 Ne4 7. Nxe4 dxe4 8. Ng5
f6 9. exf6 exf6 10. Nxe4 Qe7 11. Qe2 O-O 12. Nc5 Qd6 13. Be3 b6 14. Qc4+ Kh8
15. Nd3 a5 16. Be2 Be6 17. Qc3 Nd7 18. O-O Rac8 19. Qd2 f5 20. c3 Nf6 21. Bh6
Ne4 22. Bxg7+ Kxg7 23. Qf4 Rfd8 24. Qxd6 Rxd6 25. Ne5 c5 26. Nf3 g5 27. dxc5
bxc5 28. c4 Kf6 29. Rfd1 Rxd1+ 30. Rxd1 Rb8 31. b3 Nc3 32. Rd2 a4 33. Rb2 axb3
34. axb3 g4 35. hxg4 fxg4 36. Ne1 Nxe2+ 37. Rxe2 Rxb3 38. Rc2 Bf5 39. Rc1 Ke5
40. Kf1 Kd4 41. Nc2+ Bxc2 42. Rxc2 Kd3 43. Rc1 Rb2 44. Rd1+ Kxc4 45. Rd7 Rb1+
46. Ke2 Rh1 47. Kd2 h5 48. g3 Ra1 49. Rh7 Ra2+ 50. Ke3 Ra3+ 51. Ke2 Kb3 52.
Rxh5 c4 53. Rb5+ Kc2 54. Rg5 c3 55. Rxg4 Kb2 56. Rb4+ Kc1 57. f4 c2 58. g4 Rh3
59. g5 Rg3 60. Rb6 Rxg5 1/2-1/2

[Event "4NCL Division 2d"]
[Site "Hinckley Island ENG"]
[Date "2014.03.23"]
[Round "8.88"]
[White "Martin, Katie"]
[Black "Altman, Joshua A"]
[Result "1-0"]
[WhiteElo "1886"]
[BlackElo "1650"]
[PlyCount "71"]
[EventDate "2014.03.23"]
[WhiteTeam "KJCA Kings"]
[BlackTeam "Barbican 4NCL Youth"]

1. e4 c5 2. Nc3 Nc6 3. d3 g6 4. Be3 Nd4 5. g3 Bg7 6. Bg2 d6 7. Qd2 e5 8. Nd1
Ne7 9. c3 Ndc6 10. Ne2 Qa5 11. O-O O-O 12. Bh6 f5 13. Bxg7 Kxg7 14. f4 fxe4 15.
dxe4 Nd4 16. Ne3 Nxe2+ 17. Qxe2 Bd7 18. Qd2 Qc7 19. Rad1 exf4 20. gxf4 d5 21.
Nxd5 Nxd5 22. Qxd5 Bg4 23. Rde1 Rad8 24. Qg5 Bh5 25. f5 Qd6 26. e5 Qd2 27. f6+
Kg8 28. Qxd2 Rxd2 29. e6 g5 30. Bxb7 Rd6 31. Re5 h6 32. f7+ Kg7 33. Bd5 Bxf7
34. Rxf7+ Rxf7 35. exf7 Rf6 36. Re8 1-0

[Event "4NCL Division 2d"]
[Site "Hinckley Island ENG"]
[Date "2014.05.03"]
[Round "9.51"]
[White "Lock, Gavin R"]
[Black "Gantner, Matthias"]
[Result "1/2-1/2"]
[WhiteElo "2182"]
[BlackElo "2232"]
[PlyCount "54"]
[EventDate "2014.05.03"]
[WhiteTeam "Wessex"]
[BlackTeam "White Rose 2"]

1. d4 Nf6 2. Nf3 d5 3. c4 c6 4. Nc3 a6 5. c5 Bf5 6. Bf4 Nbd7 7. e3 g6 8. h3 Bg7
9. Be2 Be4 10. O-O Bxf3 11. Bxf3 O-O 12. Re1 Re8 13. e4 dxe4 14. Bxe4 Nxe4 15.
Nxe4 Nf6 16. Nc3 Qd7 17. Qa4 Rad8 18. Rad1 Nd5 19. Be5 Bxe5 20. Rxe5 f6 21.
Ree1 Kg7 22. Qb3 Qc7 23. g3 Rd7 24. Kg2 g5 25. Qc2 h5 26. Qf5 Rh8 27. Re6 Nxc3
1/2-1/2

[Event "4NCL Division 2d"]
[Site "Hinckley Island ENG"]
[Date "2014.05.03"]
[Round "9.52"]
[White "Webb, Matthew D"]
[Black "Simons, Martin J"]
[Result "1-0"]
[WhiteElo "2069"]
[BlackElo "2096"]
[PlyCount "31"]
[EventDate "2014.05.03"]
[WhiteTeam "White Rose 2"]
[BlackTeam "Wessex"]

1. e4 Nc6 2. Nc3 Nf6 3. d4 d6 4. Nf3 Bg4 5. Be2 e6 6. Be3 d5 7. e5 Nd7 8. O-O
f6 9. exf6 gxf6 10. Ng5 Bxe2 11. Qxe2 fxg5 12. Qh5+ Ke7 13. Nxd5+ exd5 14.
Bxg5+ Nf6 15. Rfe1+ Kd7 16. Qh3+ 1-0

[Event "4NCL Division 2d"]
[Site "Hinckley Island ENG"]
[Date "2014.05.03"]
[Round "9.53"]
[White "Gregory, Keith DF"]
[Black "Adams, David M"]
[Result "0-1"]
[WhiteElo "2038"]
[BlackElo "2193"]
[PlyCount "54"]
[EventDate "2014.05.03"]
[WhiteTeam "Wessex"]
[BlackTeam "White Rose 2"]

1. Nf3 Nf6 2. c4 e6 3. g3 a6 4. Bg2 b5 5. b3 d5 6. O-O Be7 7. d4 c5 8. cxd5
Nxd5 9. Bb2 O-O 10. dxc5 Bxc5 11. Qc2 Be7 12. Rd1 Bb7 13. Nc3 Qb6 14. Rac1 Nf6
15. e4 Nc6 16. e5 Ng4 17. Rd7 Rad8 18. Rxe7 Nxe7 19. Ng5 Ng6 20. Nce4 Rc8 21.
Nc5 Bxg2 22. Kxg2 Qc6+ 23. Kg1 h6 24. h3 N4xe5 25. f4 Nf3+ 26. Nxf3 Qxf3 27.
Kh2 Rxc5 0-1

[Event "4NCL Division 2d"]
[Site "Hinckley Island ENG"]
[Date "2014.05.03"]
[Round "9.54"]
[White "Weller, Pierre"]
[Black "Pleasants, Allan J"]
[Result "1/2-1/2"]
[WhiteElo "2113"]
[BlackElo "2045"]
[PlyCount "56"]
[EventDate "2014.05.03"]
[WhiteTeam "White Rose 2"]
[BlackTeam "Wessex"]

1. d4 Nf6 2. c4 c5 3. d5 b5 4. Qc2 d6 5. Nf3 Nbd7 6. e4 bxc4 7. Bxc4 g6 8. O-O
Bg7 9. h3 O-O 10. Nc3 Rb8 11. a4 a6 12. a5 Ne8 13. Re1 Nc7 14. Bf4 Nb5 15. Qd2
Nd4 16. Nxd4 Bxd4 17. Be3 Bxe3 18. Rxe3 Qc7 19. f4 Rb4 20. b3 Nf6 21. e5 Nh5
22. Qf2 Ng7 23. Ne4 Nf5 24. exd6 Nxd6 25. Nxd6 exd6 26. Qh4 Qd8 27. Qxd8 Rxd8
28. Re7 Rb7 1/2-1/2

[Event "4NCL Division 2d"]
[Site "Hinckley Island ENG"]
[Date "2014.05.03"]
[Round "9.55"]
[White "Clark, Ian C"]
[Black "Shaw, Peter"]
[Result "0-1"]
[WhiteElo "2063"]
[BlackElo "2173"]
[PlyCount "66"]
[EventDate "2014.05.03"]
[WhiteTeam "Wessex"]
[BlackTeam "White Rose 2"]

1. e4 e6 2. d4 b6 3. Nf3 Bb7 4. Bd3 c5 5. c3 Nf6 6. Qe2 Be7 7. O-O Nc6 8. a3
Na5 9. e5 Nd5 10. b4 Nb3 11. c4 Nxc1 12. Rxc1 Nf4 13. Qf1 cxb4 14. Nbd2 bxa3
15. Be4 Bxe4 16. Nxe4 O-O 17. g3 Ng6 18. Qd3 Bb4 19. Ne1 d5 20. exd6 Bxd6 21.
Nc2 Be7 22. f4 Qd7 23. Nxa3 e5 24. fxe5 Nxe5 25. Qe3 Qxd4 26. Nc2 Qxc4 27. Qf4
f5 28. Qxe5 Qxe4 29. Qxe4 fxe4 30. Ra4 Bc5+ 31. Kh1 e3 32. Re1 a5 33. Nxe3 Rae8
0-1

[Event "4NCL Division 2d"]
[Site "Hinckley Island ENG"]
[Date "2014.05.03"]
[Round "9.56"]
[White "Burnett, Jim"]
[Black "Gill, Oliver"]
[Result "1/2-1/2"]
[WhiteElo "2128"]
[BlackElo "2022"]
[PlyCount "134"]
[EventDate "2014.05.03"]
[WhiteTeam "White Rose 2"]
[BlackTeam "Wessex"]

1. d4 Nc6 2. d5 Ne5 3. e4 e6 4. dxe6 dxe6 5. Qxd8+ Kxd8 6. f4 Ng6 7. Nc3 Bd7 8.
Bd2 Bc5 9. O-O-O e5 10. f5 N6e7 11. Nf3 f6 12. Bc4 Nc8 13. a3 Nd6 14. Ba2 Ne7
15. Rhe1 Ke8 16. Re2 Kf8 17. g4 Be8 18. g5 Bh5 19. Rf1 h6 20. gxf6 gxf6 21. Rg2
Bf7 22. Be6 Nc4 23. Nd5 Nxd5 24. exd5 Nxd2 25. Nxd2 Be3 26. Rf3 Bg5 27. Rc3
Bxe6 28. fxe6 Rh7 29. Kd1 Rd8 30. Rd3 Bxd2 31. Kxd2 Ke7 32. c4 c6 33. Ke3 cxd5
34. cxd5 f5 35. Rg6 Kd6 36. e7+ Kxe7 37. Re6+ Kd7 38. Rxe5 Re7 39. Kf4 Rxe5 40.
Kxe5 Re8+ 41. Kxf5 Re2 42. Rh3 Kd6 43. Rxh6+ Kxd5 44. b4 Rf2+ 45. Kg4 Ra2 46.
Rh5+ Kc6 47. Rc5+ Kb6 48. h4 Rxa3 49. h5 Rb3 50. Rc4 Rb1 51. Kg5 Rd1 52. Rf4
Rd8 53. h6 a5 54. bxa5+ Kxa5 55. Kg6 Rh8 56. Kg7 Rxh6 57. Kxh6 b5 58. Rf8 b4
59. Kg5 b3 60. Kf4 Kb4 61. Ke3 b2 62. Kd2 b1=N+ 63. Kd3 Na3 64. Rf4+ Kc5 65.
Rh4 Nb5 66. Rh5+ Kc6 67. Rxb5 Kxb5 1/2-1/2

[Event "4NCL Division 2d"]
[Site "Hinckley Island ENG"]
[Date "2014.05.03"]
[Round "9.57"]
[White "de Coverly, Roger D"]
[Black "Lewyk, Ihor"]
[Result "1/2-1/2"]
[WhiteElo "2005"]
[BlackElo "2065"]
[PlyCount "138"]
[EventDate "2014.05.03"]
[WhiteTeam "Wessex"]
[BlackTeam "White Rose 2"]

1. e4 d5 2. exd5 Nf6 3. c4 e6 4. Nc3 exd5 5. d4 Be7 6. cxd5 Nxd5 7. Bd3 Nf6 8.
Nf3 O-O 9. O-O Bg4 10. Be3 Nc6 11. Be2 a6 12. Rc1 Re8 13. d5 Bxf3 14. Bxf3 Ne5
15. Bd4 Bd6 16. Be2 Ng6 17. g3 Be5 18. Bf3 Qd7 19. Bg2 Rad8 20. Bxe5 Rxe5 21.
Qb3 b6 22. Rcd1 Qd6 23. a4 Nf8 24. Qc4 Ra8 25. Qc6 Qxc6 26. dxc6 Ree8 27. Rfe1
Rxe1+ 28. Rxe1 Ne6 29. f4 Kf8 30. h3 Rd8 31. f5 Nd4 32. g4 h6 33. Kf2 Nc2 34.
Rd1 Rxd1 35. Nxd1 Ke7 36. b3 Kd6 37. Nb2 b5 38. Nd3 Nd4 39. axb5 axb5 40. Nb4
Nxb3 41. Ke3 Na5 42. Kf4 Ng8 43. Bd5 Ne7 44. Bxf7 Naxc6 45. Nxc6 Nxc6 46. h4
Ne5 47. Ba2 c5 48. g5 hxg5+ 49. hxg5 c4 50. Ke4 Nf7 51. g6 Nh6 52. Bb1 Ng4 53.
Kd4 Nf6 54. Bc2 Nd5 55. Bb1 Ne7 56. Be4 c3 57. Kxc3 Ke5 58. Bd3 Nd5+ 59. Kb3 b4
60. Bc4 Ne3 61. Bf7 Nxf5 62. Kxb4 Kf6 63. Kc5 Ne7 64. Kd4 Nxg6 65. Bd5 Kg5 66.
Ke4 Kg4 67. Be6+ Kg3 68. Kf5 Ne7+ 69. Kg5 Kf3 1/2-1/2

[Event "4NCL Division 2d"]
[Site "Hinckley Island ENG"]
[Date "2014.05.03"]
[Round "9.58"]
[White "Archer, Richard"]
[Black "Zhou, Yang-Jian"]
[Result "1/2-1/2"]
[WhiteElo "2024"]
[BlackElo "1730"]
[PlyCount "63"]
[EventDate "2014.05.03"]
[WhiteTeam "White Rose 2"]
[BlackTeam "Wessex"]

1. e4 c5 2. Nf3 g6 3. c3 Bg7 4. d4 cxd4 5. cxd4 d5 6. e5 Nc6 7. Nc3 Nh6 8. h3
O-O 9. Qb3 Nf5 10. Be3 Nxe3 11. fxe3 e6 12. Be2 Na5 13. Qc2 Nc4 14. Bxc4 dxc4
15. O-O Bd7 16. Ne4 Bc6 17. Nd6 b5 18. a4 a6 19. axb5 axb5 20. Rxa8 Qxa8 21.
Ng5 Bh6 22. Ndxf7 Bxg5 23. Nxg5 Rxf1+ 24. Kxf1 Qf8+ 25. Qf2 Qf5 26. Qxf5 exf5
27. g3 Bd5 28. h4 h6 29. Nh3 b4 30. Ke1 Be4 31. Kd2 Kf7 32. Nf2 1/2-1/2

[Event "4NCL Division 2d"]
[Site "Hinckley Island ENG"]
[Date "2014.05.03"]
[Round "9.61"]
[White "Strugnell, Carl P"]
[Black "Fernandez, Michael H"]
[Result "1-0"]
[WhiteElo "2270"]
[BlackElo "1993"]
[PlyCount "63"]
[EventDate "2014.05.03"]
[WhiteTeam "Rhyfelwyr Essyllwg"]
[BlackTeam "Bradford DCA Knights A"]

1. e4 c5 2. Nc3 d6 3. Nge2 Nf6 4. d4 cxd4 5. Nxd4 g6 6. Be3 a6 7. f3 b5 8. Qd2
Bb7 9. a4 e5 10. Nb3 b4 11. Na2 d5 12. Bc5 Nc6 13. Bxf8 Rxf8 14. Nc5 Qb6 15.
Nxb7 Qxb7 16. Bd3 d4 17. Nc1 Na5 18. O-O Nd7 19. Qh6 Rh8 20. Qg7 Ke7 21. f4
Rhg8 22. Qh6 Qc6 23. Qg5+ Qf6 24. Qg3 g5 25. fxe5 Qxe5 26. Qe1 Qd6 27. Ne2 Ne5
28. Ng3 Qb6 29. Nf5+ Kf8 30. Qg3 f6 31. Qh3 Qa7 32. Qh6+ 1-0

[Event "4NCL Division 2d"]
[Site "Hinckley Island ENG"]
[Date "2014.05.03"]
[Round "9.62"]
[White "Hackner, Oskar A"]
[Black "Kett, Timothy J"]
[Result "0-1"]
[WhiteElo "2119"]
[BlackElo "2240"]
[PlyCount "56"]
[EventDate "2014.05.03"]
[WhiteTeam "Bradford DCA Knights A"]
[BlackTeam "Rhyfelwyr Essyllwg"]

1. d4 d6 2. e4 Nf6 3. f3 e5 4. d5 Be7 5. Be3 O-O 6. Bd3 c6 7. c4 b5 8. cxb5
cxd5 9. exd5 Nbd7 10. Nc3 Nb6 11. Qb3 Bb7 12. Be4 Nxe4 13. fxe4 Bh4+ 14. g3 Bg5
15. Bxg5 Qxg5 16. Nge2 f5 17. Qb4 Qe3 18. Qxd6 fxe4 19. Qe6+ Kh8 20. Qxe5 Qf2+
21. Kd1 Nxd5 22. Kc1 Nxc3 23. Nxc3 Rad8 24. Rd1 e3 25. Rxd8 Rxd8 26. Qe7 Qd2+
27. Kb1 e2 28. Nxe2 Qd3+ 0-1

[Event "4NCL Division 2d"]
[Site "Hinckley Island ENG"]
[Date "2014.05.03"]
[Round "9.63"]
[White "Trevelyan, John"]
[Black "Lang, Adam R"]
[Result "1-0"]
[WhiteElo "2115"]
[BlackElo "2143"]
[PlyCount "113"]
[EventDate "2014.05.03"]
[WhiteTeam "Rhyfelwyr Essyllwg"]
[BlackTeam "Bradford DCA Knights A"]

1. d4 Nf6 2. c4 e6 3. Nf3 d5 4. Nc3 Be7 5. cxd5 exd5 6. Bg5 c6 7. Qc2 Nbd7 8.
e3 O-O 9. Bd3 Re8 10. O-O Nf8 11. Ne5 Ng4 12. Bxe7 Qxe7 13. Nxg4 Bxg4 14. Rae1
Qd6 15. a3 Re6 16. f3 Bh5 17. Qf2 Rd8 18. f4 Re7 19. Qh4 Rde8 20. Qxh5 Rxe3 21.
Rxe3 Rxe3 22. Qd1 Qf6 23. Ne2 c5 24. Qd2 Qe7 25. f5 c4 26. f6 Qe8 27. Nf4 cxd3
28. Nxd5 Re6 29. fxg7 Nd7 30. Qxd3 Re2 31. Qg3 Qe4 32. Rc1 Qg6 33. Qxg6 hxg6
34. Rc7 Nb6 35. Nxb6 axb6 36. b4 Kxg7 37. Rxb7 Ra2 38. d5 Rxa3 39. d6 Rd3 40.
Rxb6 Kf6 41. d7+ Ke7 42. Rb7 Kd8 43. Kf2 Rb3 44. b5 Rb4 45. b6 Rb3 46. h3 Rb1
47. Kf3 Rf1+ 48. Kg4 Rf2 49. g3 Rf6 50. h4 Rf5 51. Kh3 Rf2 52. g4 Rf4 53. Kg3
Rf1 54. h5 gxh5 55. gxh5 f5 56. h6 Rh1 57. h7 1-0

[Event "4NCL Division 2d"]
[Site "Hinckley Island ENG"]
[Date "2014.05.03"]
[Round "9.65"]
[White "Brown, Tom"]
[Black "Drabble, Andrew"]
[Result "1/2-1/2"]
[WhiteElo "2086"]
[BlackElo "2071"]
[PlyCount "65"]
[EventDate "2014.05.03"]
[WhiteTeam "Rhyfelwyr Essyllwg"]
[BlackTeam "Bradford DCA Knights A"]

1. d4 e6 2. Nf3 Nf6 3. c4 Bb4+ 4. Nc3 c5 5. d5 d6 6. e3 e5 7. Qc2 Qe7 8. Nd2
Nbd7 9. Be2 O-O 10. O-O Re8 11. e4 Nf8 12. a3 Bxc3 13. Qxc3 Ng6 14. Re1 Nf4 15.
Bf1 h6 16. b4 b6 17. a4 a5 18. bxa5 Rxa5 19. Nb3 Ra6 20. Bd2 Bd7 21. a5 bxa5
22. Rxa5 Rea8 23. Rxa6 Rxa6 24. Bxf4 exf4 25. e5 Ng4 26. h3 Nxe5 27. Nxc5 dxc5
28. Qxe5 Qxe5 29. Rxe5 Kf8 30. Re1 Ra3 31. Be2 Rc3 32. Ra1 f3 33. gxf3 1/2-1/2

[Event "4NCL Division 2d"]
[Site "Hinckley Island ENG"]
[Date "2014.05.03"]
[Round "9.66"]
[White "Jones, Steven A"]
[Black "Hewitt, William AR"]
[Result "0-1"]
[WhiteElo "2079"]
[BlackElo "2040"]
[PlyCount "78"]
[EventDate "2014.05.03"]
[WhiteTeam "Bradford DCA Knights A"]
[BlackTeam "Rhyfelwyr Essyllwg"]

1. e4 c6 2. d4 d5 3. e5 Bf5 4. Nc3 e6 5. g4 Bg6 6. Nge2 Nd7 7. h4 h5 8. Nf4 Bh7
9. gxh5 Nh6 10. Be3 Qb6 11. Qd2 Qxb2 12. Rb1 Qa3 13. Bh3 Bf5 14. Nd3 Bxh3 15.
Rxh3 O-O-O 16. Bxh6 Rxh6 17. Nf4 Qa5 18. Kf1 c5 19. Rb5 Qc7 20. Nce2 a6 21. Rb1
cxd4 22. Qxd4 Bc5 23. Qb2 Nxe5 24. Nd3 Nxd3 25. cxd3 e5 26. d4 exd4 27. Rb3 b6
28. Qc2 Rf6 29. Qd3 Kb7 30. Rc1 Rc8 31. Kg2 Qe5 32. Ng3 Qf4 33. Rc2 Qxh4 34.
Ra3 Bxa3 35. Rxc8 Kxc8 36. Qxa6+ Kb8 37. Qxa3 Qf4 38. Qf8+ Kb7 39. Qxg7 d3 0-1

[Event "4NCL Division 2d"]
[Site "Hinckley Island ENG"]
[Date "2014.05.03"]
[Round "9.67"]
[White "Blackburn, Suzy G"]
[Black "Gardiner, Eric D"]
[Result "1/2-1/2"]
[WhiteElo "1962"]
[BlackElo "2025"]
[PlyCount "85"]
[EventDate "2014.05.03"]
[WhiteTeam "Rhyfelwyr Essyllwg"]
[BlackTeam "Bradford DCA Knights A"]

1. d4 d5 2. Nf3 Nc6 3. Bf4 Bg4 4. Nbd2 e6 5. e3 Bd6 6. Bg3 Nf6 7. c3 O-O 8. Bd3
e5 9. dxe5 Nxe5 10. Bxe5 Bxe5 11. h3 Bxf3 12. Nxf3 Bd6 13. O-O c5 14. c4 dxc4
15. Bxc4 Qe7 16. Qb3 b6 17. Rad1 Rad8 18. e4 Nd7 19. Bd5 Ne5 20. Nxe5 Bxe5 21.
Rd3 Bd4 22. Rf3 Rd6 23. Re1 Be5 24. a4 Rf6 25. Ree3 Rxf3 26. Rxf3 g6 27. g3 Kg7
28. Kg2 f6 29. Rd3 Bd4 30. f4 Rb8 31. Qb5 Rd8 32. Qb3 Qc7 33. Rd2 a6 34. Qc4
Qa7 35. b4 b5 36. axb5 axb5 37. Ra2 Qb6 38. bxc5 Bxc5 39. Qc1 Rd7 40. Ra8 h6
41. Qa1 Ra7 42. Rxa7+ Qxa7 43. Qxa7+ 1/2-1/2

[Event "4NCL Division 2d"]
[Site "Hinckley Island ENG"]
[Date "2014.05.03"]
[Round "9.68"]
[White "Bak, Andrew"]
[Black "Hatchett, Paul D"]
[Result "1/2-1/2"]
[WhiteElo "2041"]
[BlackElo "1974"]
[PlyCount "34"]
[EventDate "2014.05.03"]
[WhiteTeam "Bradford DCA Knights A"]
[BlackTeam "Rhyfelwyr Essyllwg"]

1. d4 Nf6 2. Nf3 g6 3. g3 Bg7 4. Bg2 O-O 5. c4 d6 6. O-O Nc6 7. Nc3 a6 8. Re1
Rb8 9. d5 Na5 10. Nd2 c5 11. a4 e5 12. e4 Bd7 13. Bf1 Ne8 14. Nf3 f5 15. Bg5
Bf6 16. Bh6 Bg7 17. Bg5 Bf6 1/2-1/2

[Event "4NCL Division 2d"]
[Site "Hinckley Island ENG"]
[Date "2014.05.03"]
[Round "9.71"]
[White "Posazhennikov, Alex"]
[Black "Chapman, Terry PD"]
[Result "1/2-1/2"]
[WhiteElo "2250"]
[BlackElo "2296"]
[PlyCount "86"]
[EventDate "2014.05.03"]
[WhiteTeam "Poisoned Pawns"]
[BlackTeam "Barbican 4NCL Youth"]

1. e4 c6 2. d4 d5 3. e5 c5 4. Bb5+ Nc6 5. c3 Qb6 6. a4 cxd4 7. cxd4 a6 8. Bxc6+
bxc6 9. a5 Qc7 10. Bd2 c5 11. Nc3 cxd4 12. Qa4+ Bd7 13. Qxd4 e6 14. Rc1 Qxa5
15. Nf3 Nh6 16. Bxh6 gxh6 17. O-O Rb8 18. Ra1 Qb6 19. Nxd5 exd5 20. e6 Qxd4 21.
exd7+ Kxd7 22. Nxd4 Bc5 23. Nf3 Rhe8 24. Ra5 Rb5 25. Rxa6 Bb6 26. Rd1 Rxb2 27.
Rxd5+ Kc6 28. Rd1 Kb7 29. Raa1 Rxf2 30. Kh1 Ree2 31. Rd7+ Kc6 32. Rxf7 Rxg2 33.
Rf6+ Kc5 34. Rf5+ Kc4 35. Rc1+ Rc2 36. Rxc2+ Rxc2 37. Rf6 Be3 38. Rc6+ Kb3 39.
Rxc2 Kxc2 40. Ne5 Bf4 41. Nd7 Kd3 42. h3 Kd4 43. Kg2 Kd5 1/2-1/2